Music Quiz

Random Music Quiz

I'm Yours Lyrics Quiz Stats

 Plays Quiz not verified by Sporcle

Score 0/257 Timer 10:00
0 Plays Today
% Correct
I
99.8%
I
99.8%
I
99.8%
I
99.8%
I
99.8%
I
99.8%
I
99.8%
I
99.8%
I
99.8%
I
99.8%
I
99.8%
I
99.8%
you
99.6%
you
99.6%
you
99.6%
you
99.6%
and
99.4%
the
99.4%
the
99.4%
and
99.4%
and
99.4%
and
99.4%
and
99.4%
the
99.4%
the
99.4%
and
99.4%
and
99.4%
(scatting)
99.4%
and
99.4%
(scatting)
99.4%
the
99.4%
and
99.4%
the
99.4%
a
99.4%
and
99.4%
and
99.4%
the
99.4%
your
98.7%
your
98.7%
your
98.7%
your
98.7%
to
98.4%
I'm
98.4%
to
98.4%
to
98.4%
I'm
98.4%
to
98.4%
to
98.4%
I'm
98.4%
to
98.4%
I'm
98.4%
to
98.4%
to
98.4%
to
98.4%
to
98.4%
to
98.4%
it,
98%
it
98%
it
98%
it
98%
be
97.9%
be
97.9%
be
97.9%
be
97.9%
me
97.8%
me
97.8%
me
97.8%
we
97.2%
so
96.6%
so
96.6%
so
96.6%
no
96.4%
no
96.4%
no
96.4%
no
96.4%
no
96.4%
no
96.4%
do
96.1%
do
96.1%
yours
96%
yours
96%
but
95.1%
but
95.1%
but
95.1%
but
95.1%
but
95.1%
% Correct
in
94.8%
you're
94.2%
you're
94.2%
that
94.1%
Well
93%
well
93%
done
92.4%
done
92.4%
done
92.4%
my
92%
my
92%
my
92%
my
92%
felt
91.8%
hot
91.8%
tried
91.7%
try
91.7%
back
91.6%
melted
91.5%
more
90.9%
more
90.9%
more
90.9%
more
90.9%
won't
90.7%
won't
90.7%
bet
89.8%
get
89.6%
right
89.2%
right
89.2%
go
88.9%
trying
88.2%
wait
87.9%
wait
87.9%
through
86.4%
cannot
86.2%
cannot
86.2%
fell
86.1%
hesitate
85.9%
hesitate
85.9%
up
85.6%
up
85.6%
up
85.6%
it's
85.4%
it's
85.4%
it's
85.4%
is
85.1%
is
85.1%
is
85.1%
is
85.1%
our
84.4%
our
84.4%
our
84.4%
our
84.4%
our
84.4%
now
84.1%
cool
83.9%
see
83.8%
see
83.8%
cracks
82.3%
some
80.9%
some
80.9%
just
80.8%
just
80.8%
just
80.8%
I'll
80.7%
there
80.7%
out
80.5%
love,
80.2%
love,
80.2%
love,
80.2%
love
80.2%
giving
79.9%
run
78.3%
bestest
77.9%
or
77.4%
this
77.1%
time
76.9%
turn
76.7%
learn
76.5%
win
76.3%
gonna
76.2%
stop
76.1%
intervention
75.8%
open
74.8%
open
74.8%
on
74.6%
% Correct
on
74.6%
like
74.3%
heart
73.9%
nothing's
73.6%
free
73.5%
need
73%
you'll
71.6%
there's
71.3%
of
71%
of
71%
mind
70.9%
find
70.9%
d*mn
70.7%
glass
69.8%
face
69.7%
divine
69.6%
sure
69.5%
before
69.3%
fate
69.2%
look
68.8%
reckon
68.4%
what
67.9%
what
67.9%
complicate
67.8%
one
67.4%
over
67.4%
over
67.4%
laughed
67.3%
mirror
67%
breath
67%
we're
66.7%
loved,
66.7%
loved,
66.7%
loved,
66.7%
loved,
66.7%
loved
66.7%
into
66%
chill
65.8%
drew
65.7%
short
65.6%
fogged
65.1%
with
64.8%
family
64.3%
too
64.2%
big
63.8%
I've
63.7%
plans
63.5%
clearer
63.4%
listen
63.3%
sing
62.6%
dance
62%
reason
61.3%
new
61%
better
61%
music
60.9%
been
60.7%
bending
60.4%
backwards
60%
people
59.8%
God-forsaken
59.6%
tongue
58.8%
way
58.6%
guess
58.6%
virtue . . .
58.5%
ain't
57.5%
checking
56.6%
will
56.4%
aim
56.4%
seasons
56.2%
long
56%
again
55.9%
spending
54.8%
yourself
54.6%
moment
54.2%
ear
54.2%
saying
53.7%
name
53.7%
rid
53.5%
want
51.1%
dear
50.4%
closer,
49.6%
nibble
49.1%
come
47.6%
vanities
43.7%
scooch
39.6%

You're not logged in!

Compare scores with friends on all Sporcle quizzes.
OR
Log In

Show Comments

Extras

Created Jan 31, 2014ReportNominate

Top Quizzes Today


Score Distribution

Your Account Isn't Verified!

In order to create a playlist on Sporcle, you need to verify the email address you used during registration. Go to your Sporcle Settings to finish the process.

Report this User

Report this user for behavior that violates our Community Guidelines.

Details: